[Event "Druzynowe Mistrzostwa Polski - II liga"]
[Site "Dom Wczasowy VIS Jastrzebia Gora"]
[Date "1899-12-30"]
[Round "4.18"]
[White "Jedrocha, Katarzyna"]
[Black "Zdziarska-zareba, Lidia"]
[Result "1-0"]
[WhiteTitle "k"]
[BlackTitle "k+"]
[WhiteElo "1978"]
[BlackElo "1854"]

1. e4 c5 2. Nf3 d6 3. c3 Nf6 4. d3 Nc6 5. Be2 g6 6. O-O Bg7 7. h3 O-O 8. Be3 b5
9. Nbd2 a6 10. d4 Nd7 11. Re1 Bb7 12. Rc1 e6 13. Nf1 c4 14. Qd2 Nf6 15. Ng3 Ne7
16. e5 dxe5 17. Nxe5 Nfd5 18. Bh6 Nc6 19. Bxg7 Kxg7 20. Bf3 Rc8 21. Ne4 Nxe5 22.
dxe5 Rc7 23. g3 Ne7 24. Rcd1 Qxd2 25. Rxd2 Nd5 26. a3 Ba8 27. Bg2 Rb8 28. Red1
Rf8 29. Rd4 Rb8 30. R1d2 Rf8 31. Nd6 Rc5 32. f4 Rc7 33. Kf2 Ne7 34. g4 Bxg2 35.
Kxg2 Rh8 36. Kg3 h5 37. Rd1 hxg4 38. hxg4 Rh6 39. Ne8+ 1-0

[Event "Druzynowe Mistrzostwa Polski - II liga"]
[Site "Dom Wczasowy VIS Jastrzebia Gora"]
[Date "1899-12-30"]
[Round "4.19"]
[White "Szustakowski, Antoni"]
[Black "Stachowiak, Kamil"]
[Result "1/2-1/2"]
[WhiteTitle "FM"]
[BlackTitle "IM"]
[WhiteElo "2311"]
[BlackElo "2476"]

1. d4 Nf6 2. Nf3 e6 3. c4 Bb4+ 4. Nbd2 O-O 5. a3 Be7 6. e4 d6 7. b4 a5 8. Bb2 e5
9. d5 Bg4 10. Be2 Nbd7 11. O-O Bh5 12. Qc2 Bg6 13. Bd3 b6 14. Bc3 h6 15. g3 Nh7
16. Rfe1 Ng5 17. Nxg5 Bxg5 18. Nf3 Be7 19. Nd2 Bg5 20. Nf3 Be7 21. Nd2 1/2-1/2

[Event "Druzynowe Mistrzostwa Polski - II liga"]
[Site "Dom Wczasowy VIS Jastrzebia Gora"]
[Date "1899-12-30"]
[Round "4.20"]
[White "Luberanski, Jakub"]
[Black "Paprocki, Antoni"]
[Result "1-0"]
[WhiteTitle "FM"]
[BlackTitle "k"]
[WhiteElo "2211"]
[BlackElo "2074"]

1. d4 Nf6 2. c4 e6 3. Nc3 Bb4 4. a3 Bxc3+ 5. bxc3 O-O 6. f3 d5 7. cxd5 exd5 8.
e3 b6 9. Bd3 Ba6 10. Ne2 c5 11. O-O Re8 12. Ng3 Bxd3 13. Qxd3 Nc6 14. Bb2 h5 15.
Rae1 h4 16. Nf5 h3 17. e4 hxg2 18. Rf2 Ne7 19. Nh4 Nh5 20. Bc1 1-0

[Event "Druzynowe Mistrzostwa Polski - II liga"]
[Site "Dom Wczasowy VIS Jastrzebia Gora"]
[Date "1899-12-30"]
[Round "4.21"]
[White "Skomial, Mateusz"]
[Black "Madej, Marek"]
[Result "1/2-1/2"]
[WhiteTitle "I++"]
[BlackTitle "I++"]
[WhiteElo "2090"]
[BlackElo "2035"]

1. e4 c5 2. Nf3 a6 3. c4 Nc6 4. d4 cxd4 5. Nxd4 Nf6 6. Nc3 e5 7. Nb3 Bb4 8. Qd3
d6 9. Bg5 Be6 10. Rc1 Rc8 11. a3 Bc5 12. Nxc5 dxc5 13. Nd5 Bxd5 14. cxd5 Nd4 15.
Be2 O-O 16. O-O Qb6 17. b4 cxb4 18. axb4 Qxb4 19. Bxf6 gxf6 20. Rfe1 Rxc1 21.
Rxc1 Qd6 22. Qh3 Re8 23. Qh6 a5 24. h3 a4 25. Rc4 Qf8 26. Qxf6 a3 27. Ra4 Nb5
1/2-1/2

[Event "Druzynowe Mistrzostwa Polski - II liga"]
[Site "Dom Wczasowy VIS Jastrzebia Gora"]
[Date "1899-12-30"]
[Round "4.22"]
[White "Topola, Rafal"]
[Black "Kulesza, Andrzej"]
[Result "1/2-1/2"]
[WhiteTitle "I"]
[BlackTitle "I++"]
[WhiteElo "2006"]
[BlackElo "2014"]

1. e4 c5 2. Nc3 Nc6 3. Nge2 e5 4. Nd5 Nge7 5. Nec3 Nxd5 6. Nxd5 Ne7 7. Bc4 Nxd5
8. Bxd5 Be7 9. Qh5 O-O 10. Qxe5 Bf6 11. Qd6 Qa5 12. O-O Re8 13. Qg3 d6 14. Qb3
Qc7 15. d3 a5 16. c3 a4 17. Qc2 Bd7 18. Bf4 Rab8 19. Rac1 b5 20. Rfd1 Bc6 21.
Bxc6 Qxc6 22. f3 b4 23. Bd2 Qb6 24. Kf1 b3 25. Qb1 bxa2 26. Qxa2 Qb5 27. Be1 Ra8
28. Rb1 Rab8 29. c4 Qb3 30. Qxb3 Rxb3 31. Bc3 Bxc3 32. bxc3 Rxc3 33. Ke2 Kf8 34.
Kd2 Ra3 35. Kc2 Ra2+ 36. Rb2 Rxb2+ 37. Kxb2 Rb8+ 38. Kc2 Rb4 39. Rb1 Ke7 40. Rb2
Ke6 41. Kc3 a3 42. Ra2 Rb1 43. Rxa3 Rc1+ 44. Kd2 Rg1 45. g3 Rg2+ 46. Ke3 Rxh2
47. Ra8 h5 48. Re8+ Kd7 49. Rh8 1/2-1/2

[Event "Druzynowe Mistrzostwa Polski - II liga"]
[Site "Dom Wczasowy VIS Jastrzebia Gora"]
[Date "1899-12-30"]
[Round "4.23"]
[White "Smietanska, Wiktoria"]
[Black "Budkiewicz, Magdalena"]
[Result "1/2-1/2"]
[WhiteTitle "CM"]
[BlackTitle "k+"]
[WhiteElo "1851"]
[BlackElo "1786"]

1. d4 Nf6 2. Nf3 e6 3. Bf4 d5 4. e3 c5 5. c3 Nc6 6. Nbd2 cxd4 7. exd4 Bd6 8. Bxd6
Qxd6 9. Bd3 O-O 10. O-O b6 11. Qe2 Bb7 12. Ne5 a5 13. a4 Nd7 14. f4 Qe7 15. Rf3
f5 16. Nxd7 Qxd7 17. Re3 Rae8 18. Nf3 h6 19. Re1 Rf6 20. Bb5 Qc7 21. g3 Re7 22.
Qd2 Nb8 23. Bd3 Ba6 24. Bc2 Nc6 25. Bb3 Qd6 26. Ne5 Kh7 27. Qg2 Bb7 28. Bc2 Kg8
29. Qe2 Qc7 30. Nf3 Nd8 31. Ne5 Nc6 32. Nxc6 Bxc6 33. Re5 Kf8 34. b3 Qd6 35. Qe3
b5 36. axb5 Bxb5 37. c4 Bc6 38. c5 Qd8 39. Rd1 g6 40. Ra1 Ra7 1/2-1/2

[Event "Druzynowe Mistrzostwa Polski - II liga"]
[Site "Dom Wczasowy VIS Jastrzebia Gora"]
[Date "1899-12-30"]
[Round "4.24"]
[White "Goluch, Piotr"]
[Black "Gnojek, Petr"]
[Result "0-1"]
[WhiteTitle "IM"]
[BlackTitle "FM"]
[WhiteElo "2353"]
[BlackElo "2335"]

1. d4 d6 2. Nf3 g6 3. g3 Bg7 4. Bg2 f5 5. O-O Nf6 6. c4 O-O 7. Nc3 Qe8 8. Re1 Qf7
9. e4 Nxe4 10. Nxe4 fxe4 11. Rxe4 Nc6 12. Rh4 h5 13. Kf1 Bf6 14. Ng5 Qe8 15. Be3
e5 16. Bd5+ Kg7 17. Bxc6 bxc6 18. dxe5 Qxe5 19. Nf3 Qxb2 20. Rb1 Qxa2 21. Qc1
Kg8 22. Bh6 Bf5 23. Rb7 Rfb8 24. Rxb8+ Rxb8 25. Kg2 Bd4 26. g4 Be4 27. Qf4 Qe2
0-1

[Event "Druzynowe Mistrzostwa Polski - II liga"]
[Site "Dom Wczasowy VIS Jastrzebia Gora"]
[Date "1899-12-30"]
[Round "4.25"]
[White "Paseka, Matyas"]
[Black "Jankowiak, Tomasz"]
[Result "1/2-1/2"]
[WhiteTitle ""]
[BlackTitle "k"]
[WhiteElo "2244"]
[BlackElo "2195"]

1. e4 c5 2. Nf3 d6 3. d4 cxd4 4. Nxd4 Nf6 5. Nc3 g6 6. Be2 Bg7 7. O-O O-O 8. Re1
Nc6 9. Nb3 Bd7 10. Bg5 Rc8 11. Bf1 Ra8 12. Be2 Ne5 13. Nd5 Rc8 14. Bf1 Nc6 15.
Nc3 1/2-1/2

[Event "Druzynowe Mistrzostwa Polski - II liga"]
[Site "Dom Wczasowy VIS Jastrzebia Gora"]
[Date "1899-12-30"]
[Round "4.26"]
[White "Jankowiak, Piotr"]
[Black "Denderski, Piotr"]
[Result "1-0"]
[WhiteTitle "k"]
[BlackTitle "k"]
[WhiteElo "2046"]
[BlackElo "2246"]

1. d4 c5 2. d5 e6 3. e4 exd5 4. exd5 d6 5. Bd3 Nf6 6. h3 Be7 7. c4 Na6 8. a3 O-O
9. Nf3 Nc7 10. Nc3 Bd7 11. O-O Rb8 12. b4 cxb4 13. axb4 b5 14. c5 dxc5 15. Bf4
cxb4 16. Rxa7 Nce8 17. Ne4 Ra8 18. Rxa8 Qxa8 19. d6 Bd8 20. Qe2 Nd5 21. Be5 f6
22. Bh2 f5 23. Nc5 Nc3 24. Qb2 Bc6 25. Qxb4 Ba5 26. Qf4 Ne4 27. Ne6 N8xd6 28.
Nxf8 Qxf8 29. Nd4 Bd7 30. Qe5 Bb6 31. Nxb5 Bxb5 32. Bxb5 Nxf2 33. Qe6+ Kh8 34.
Qxd6 Qxd6 35. Bxd6 Ne4+ 36. Kh1 Nxd6 37. Rd1 Bc7 38. Bd3 g6 39. Rc1 Ba5 40. Ra1
Bc3 41. Ra7 Bd4 42. Rd7 Be5 43. g4 fxg4 44. hxg4 Kg8 45. Kg2 g5 46. Bxh7+ Kf8
47. Bd3 Bf4 48. Kf3 Ke8 49. Ra7 Kd8 50. Rh7 Ke8 51. Ke2 Kf8 52. Bf5 Nf7 53. Kd3
Be5 54. Ke4 Bf4 55. Kd5 Kg8 56. Ke6 Ne5 57. Rb7 Nc6 58. Kf6 1-0

[Event "Druzynowe Mistrzostwa Polski - II liga"]
[Site "Dom Wczasowy VIS Jastrzebia Gora"]
[Date "1899-12-30"]
[Round "4.28"]
[White "Statucki, Maciej"]
[Black "Bednarski, Dawid"]
[Result "1/2-1/2"]
[WhiteTitle "I"]
[BlackTitle "I+"]
[WhiteElo "1858"]
[BlackElo "1989"]

1. e4 c5 2. Nf3 Nc6 3. d4 cxd4 4. Nxd4 Nf6 5. Nc3 e5 6. Ndb5 d6 7. Bg5 a6 8. Na3
b5 9. Nd5 Be7 10. Bxf6 Bxf6 11. c3 Bg5 12. Nc2 O-O 1/2-1/2

[Event "Druzynowe Mistrzostwa Polski - II liga"]
[Site "Dom Wczasowy VIS Jastrzebia Gora"]
[Date "1899-12-30"]
[Round "4.29"]
[White "Orlik, Sandra"]
[Black "Czarniecka, Aleksandra"]
[Result "1/2-1/2"]
[WhiteTitle "I++"]
[BlackTitle "m"]
[WhiteElo "1840"]
[BlackElo "1960"]

1. e4 c5 2. Nf3 d6 3. d4 cxd4 4. Nxd4 Nf6 5. Nc3 e6 6. g4 h6 7. h4 Nc6 8. Rg1 h5
9. gxh5 Nxh5 10. Bg5 Nf6 11. Nxc6 bxc6 12. Qf3 e5 13. Bc4 Qe7 14. O-O-O Be6 15.
Qe2 Bxc4 16. Qxc4 Qb7 17. Rd3 Rb8 18. Nd1 Qb5 19. Rc3 Qxc4 20. Rxc4 Kd7 21. Ra4
Rb7 22. Ne3 Ne8 23. Nf5 g6 24. Ng3 f6 25. Be3 Rxh4 26. Rxa7 Rxa7 27. Bxa7 c5 28.
Bb6 Rh2 29. Rf1 Bh6+ 30. Kd1 Ng7 31. Rh1 Rxh1+ 32. Nxh1 Ne6 33. Ba5 Bf4 34. Ke2
Nd4+ 35. Kd3 f5 36. c4 Bc1 37. Bc3 Bf4 38. b4 fxe4+ 39. Kxe4 Ne2 40. Be1 cxb4
41. Bxb4 Kc6 42. a4 Nd4 43. Kd3 Ne6 44. a5 Nc7 45. f3 Na6 46. Ba3 d5 47. cxd5+
Kxd5 48. Nf2 Kc6 49. Ke4 Kb5 1/2-1/2

[Event "Druzynowe Mistrzostwa Polski - II liga"]
[Site "Dom Wczasowy VIS Jastrzebia Gora"]
[Date "1899-12-30"]
[Round "4.30"]
[White "Sapis, Witalis"]
[Black "Zakrzewski, Marek"]
[Result "1/2-1/2"]
[WhiteTitle "IM"]
[BlackTitle "FM"]
[WhiteElo "2378"]
[BlackElo "2275"]

1. d4 d5 2. Nf3 Nf6 3. c4 c6 4. cxd5 cxd5 5. Nc3 Nc6 6. Bf4 a6 7. Rc1 Bf5 8. e3
Rc8 9. Bd3 Bxd3 10. Qxd3 e6 11. O-O Be7 1/2-1/2

[Event "Druzynowe Mistrzostwa Polski - II liga"]
[Site "Dom Wczasowy VIS Jastrzebia Gora"]
[Date "1899-12-30"]
[Round "4.31"]
[White "Bajerlein, Dawid"]
[Black "Karwowski, Kacper"]
[Result "1/2-1/2"]
[WhiteTitle "k+"]
[BlackTitle "CM"]
[WhiteElo "2072"]
[BlackElo "2216"]

1. d4 Nf6 2. c4 e6 3. Nc3 Bb4 4. Qc2 d5 5. cxd5 Qxd5 6. Nf3 Qf5 7. Qxf5 exf5 8.
Bd2 c6 9. e3 Nbd7 10. Bd3 Nb6 11. Ke2 O-O 12. Rhc1 Be6 13. b3 h6 14. Ne5 Rfe8
15. Nf3 Rf8 16. Ne5 Rfe8 1/2-1/2

[Event "Druzynowe Mistrzostwa Polski - II liga"]
[Site "Dom Wczasowy VIS Jastrzebia Gora"]
[Date "1899-12-30"]
[Round "4.32"]
[White "Rudnicki, Milosz"]
[Black "Bernat, Marcin"]
[Result "1/2-1/2"]
[WhiteTitle "k"]
[BlackTitle "k"]
[WhiteElo "2200"]
[BlackElo "1905"]

1. d4 Nf6 2. Bf4 g6 3. e3 Bg7 4. Nf3 d6 5. Be2 O-O 6. h3 Nbd7 7. O-O Qe8 8. c3
e5 9. Bh2 Qe7 10. a4 a5 11. Na3 Ne8 12. Qb3 e4 13. Nd2 Kh8 14. Qc2 f5 15. Rab1
1/2-1/2

[Event "Druzynowe Mistrzostwa Polski - II liga"]
[Site "Dom Wczasowy VIS Jastrzebia Gora"]
[Date "1899-12-30"]
[Round "4.33"]
[White "Hemmerling, Jaroslaw"]
[Black "Wacior, Maciej"]
[Result "0-1"]
[WhiteTitle "I++"]
[BlackTitle "k"]
[WhiteElo "1855"]
[BlackElo "2151"]

1. e4 c6 2. d4 d5 3. e5 Bf5 4. Bd3 Bxd3 5. Qxd3 e6 6. Nf3 Nd7 7. O-O Ne7 8. c3
Qc7 9. b3 Ng6 10. Re1 Be7 11. Ba3 Bxa3 12. Nxa3 O-O 13. c4 a6 14. b4 b5 15. cxd5
cxd5 16. Rec1 Qb7 17. Nb1 Nb6 18. Nbd2 Qe7 19. a3 Nc4 20. Nb3 Nf4 21. Qf1 f6 22.
Re1 fxe5 23. Nxe5 Rf5 24. Nd3 Raf8 25. Nxf4 Rxf4 26. Ra2 Qf6 27. Nc5 Re8 28. Rae2
Rxd4 29. Rxe6 Rxe6 30. Rxe6 Qf5 31. Re8+ Kf7 32. Qe1 h6 33. h3 Kg6 34. Rh8 Qe5
35. Qb1+ Qf5 36. Qe1 Qe5 37. Qb1+ Kf7 38. Rf8+ Ke7 39. Rf5 Rd1+ 40. Qxd1 Qxf5
41. Qd4 Qe5 42. Qg4 Nxa3 43. Qd7+ Kf6 44. Nxa6 Qe1+ 45. Kh2 Qe5+ 46. Kg1 Qe1+
47. Kh2 Qe5+ 48. Kg1 Kg6 49. Nc7 Qe1+ 50. Kh2 Qe5+ 51. Kg1 Qe1+ 52. Kh2 Qe5+ 53.
g3 Qf6 54. Qe8+ Kh7 55. Qe3 d4 56. Qxa3 Qxf2+ 57. Kh1 Qf1+ 58. Kh2 Qe2+ 59. Kg1
Qd1+ 60. Kf2 Qc2+ 61. Kf3 d3 62. Nxb5 Qe2+ 63. Kf4 d2 64. Nc3 Qf2+ 65. Ke4 Qxg3
66. Qa1 Qe1+ 0-1

[Event "Druzynowe Mistrzostwa Polski - II liga"]
[Site "Dom Wczasowy VIS Jastrzebia Gora"]
[Date "1899-12-30"]
[Round "4.34"]
[White "Jedruszek, Krzysztof"]
[Black "Rozumek, Krzysztof"]
[Result "1/2-1/2"]
[WhiteTitle "I"]
[BlackTitle "I++"]
[WhiteElo "2017"]
[BlackElo "1832"]

1. d4 d5 2. c4 c6 3. Nc3 e6 4. e3 Nf6 5. Nf3 Nbd7 6. b3 Bb4 7. Bd2 O-O 8. Bd3 Qe7
9. O-O dxc4 10. bxc4 e5 1/2-1/2

[Event "Druzynowe Mistrzostwa Polski - II liga"]
[Site "Dom Wczasowy VIS Jastrzebia Gora"]
[Date "1899-12-30"]
[Round "4.35"]
[White "Kostecka, Marika"]
[Black "Adamowicz, Katarzyna"]
[Result "0-1"]
[WhiteTitle "WCM"]
[BlackTitle "WFM"]
[WhiteElo "1868"]
[BlackElo "2088"]

1. e4 e5 2. Nf3 Nc6 3. Bb5 a6 4. Ba4 Nf6 5. d3 b5 6. Bb3 Be7 7. c3 O-O 8. O-O d6
9. h3 Na5 10. Bc2 c5 11. Re1 Qc7 12. Nbd2 Rd8 13. Nf1 h6 14. Ng3 Bf8 15. Qe2 Nc6
16. Be3 Be6 17. Bc1 Bc8 18. Be3 Be6 0-1

[Event "Druzynowe Mistrzostwa Polski - II liga"]
[Site "Dom Wczasowy VIS Jastrzebia Gora"]
[Date "1899-12-30"]
[Round "4.37"]
[White "Kumala, Aleksander"]
[Black "Kokoszczynski, Jan"]
[Result "1/2-1/2"]
[WhiteTitle "CM"]
[BlackTitle "FM"]
[WhiteElo "2175"]
[BlackElo "2313"]

1. d4 d5 2. Nf3 Nf6 3. Bf4 e6 4. e3 c5 5. c3 Nc6 6. Nbd2 Bd6 7. Ne5 Qc7 8. Nxc6
bxc6 9. Bxd6 Qxd6 10. Qa4 cxd4 11. cxd4 O-O 12. Rc1 Bd7 13. Bd3 e5 14. O-O Rfc8
15. Nb3 e4 16. Be2 Bg4 17. Ba6 Rc7 18. Nc5 Rb8 19. b4 Bd7 20. Be2 Bg4 21. Ba6
Bd7 22. Be2 Bg4 1/2-1/2

[Event "Druzynowe Mistrzostwa Polski - II liga"]
[Site "Dom Wczasowy VIS Jastrzebia Gora"]
[Date "1899-12-30"]
[Round "4.38"]
[White "Flak, Pawel"]
[Black "Kasperek, Ryszard"]
[Result "1/2-1/2"]
[WhiteTitle "k+"]
[BlackTitle "m"]
[WhiteElo "2190"]
[BlackElo "2083"]

1. d4 Nf6 2. g3 c5 3. c3 d5 4. Bg2 Nc6 5. Nf3 e6 6. O-O Be7 7. Nbd2 cxd4 8. cxd4
O-O 9. b3 b5 10. Ne5 Bb7 11. Nxc6 Bxc6 12. Bb2 Qa5 13. a3 b4 14. axb4 Qb6 15.
Nf3 Bxb4 16. Ne5 Rfc8 17. Qb1 Bb5 18. Nd3 Be7 19. Rc1 Rxc1+ 20. Nxc1 Rc8 21. Nd3
Ne4 22. Qd1 Nc3 23. Qc2 Qxd4 24. Rd1 Bf6 25. Bf1 Qb6 26. e3 Rc6 27. Rc1 Ne4 28.
Qd1 Bxd3 29. Rxc6 Qxc6 30. Bxd3 Bxb2 31. Bxe4 g6 32. Qc2 Qxc2 33. Bxc2 Kf8 34.
e4 Ke7 35. exd5 exd5 36. Kf1 Kd6 37. Ke2 Kc5 38. Kd3 a5 39. Bd1 Kb4 40. h3 f6
41. h4 f5 42. Bf3 Kc5 43. h5 Bd4 44. hxg6 hxg6 45. Ke2 Bc3 46. g4 f4 1/2-1/2

[Event "Druzynowe Mistrzostwa Polski - II liga"]
[Site "Dom Wczasowy VIS Jastrzebia Gora"]
[Date "1899-12-30"]
[Round "4.39"]
[White "Puczylowski, Marcin"]
[Black "Gawronski, Miroslaw"]
[Result "1-0"]
[WhiteTitle "k"]
[BlackTitle "m"]
[WhiteElo "2106"]
[BlackElo "1966"]

1. e4 c5 2. Nf3 e6 3. d4 cxd4 4. Nxd4 a6 5. Bd3 Qc7 6. O-O b6 7. c4 Bb7 8. Nc3
Nf6 9. Qe2 d6 10. Nd5 exd5 11. exd5+ Kd8 12. Bg5 Nbd7 13. Rfe1 Kc8 14. b4 h6 15.
Qe8+ Qd8 16. Bxf6 gxf6 17. Qxf7 Ne5 18. Qh5 Be7 19. Bf5+ Kb8 20. f4 Nxc4 21. Qf7
Ne5 22. fxe5 dxe5 23. Nc6+ Bxc6 24. dxc6 Ra7 25. Red1 Qg8 26. Qxg8+ Rxg8 27. a3
Rc7 28. Rd7 a5 29. bxa5 Bc5+ 30. Kf1 Rxc6 31. Rb1 Rc7 32. Rd3 Ra7 33. axb6 Rxa3
34. Rxa3 Bxa3 35. Ra1 Rg5 36. Be4 Rg4 37. Bf3 Ra4 38. Ke2 e4 39. Rxa3 Rxa3 40.
Bxe4 Rb3 41. b7 Kc7 42. Kd2 f5 43. Bf3 Kd6 44. Kc2 Rb4 45. Kc3 Kc5 46. h3 Rc4+
47. Kd3 Rd4+ 48. Kc3 Rb4 49. Bd5 h5 50. Bf3 h4 51. Bd5 Rb1 52. Bb3 Rc1+ 53. Bc2
1-0

[Event "Druzynowe Mistrzostwa Polski - II liga"]
[Site "Dom Wczasowy VIS Jastrzebia Gora"]
[Date "1899-12-30"]
[Round "4.40"]
[White "Wypych, Dominik"]
[Black "Kanarkiewicz, Michal"]
[Result "1/2-1/2"]
[WhiteTitle "k"]
[BlackTitle "k"]
[WhiteElo "1997"]
[BlackElo "2084"]

1. d4 g6 2. c4 Bg7 3. e4 d6 4. Nc3 Nc6 5. Nge2 e5 6. d5 Nce7 7. g3 f5 8. Bg2 Nf6
9. h3 O-O 10. f3 c6 11. Be3 cxd5 12. cxd5 Bd7 13. a4 Nh5 14. g4 fxe4 15. fxe4
Nf4 16. O-O g5 17. Ng3 Neg6 18. Rf2 Nxg2 19. Kxg2 Rxf2+ 20. Bxf2 Nf4+ 21. Kh2
Qa5 22. Qb3 Qa6 23. Nb5 Rc8 24. Rd1 Bf8 25. Be3 Qa5 26. Bd2 Qb6 27. Be3 Qa5 28.
Bd2 Qb6 29. Be3 1/2-1/2

[Event "Druzynowe Mistrzostwa Polski - II liga"]
[Site "Dom Wczasowy VIS Jastrzebia Gora"]
[Date "1899-12-30"]
[Round "4.41"]
[White "Kasperek, Joanna"]
[Black "Szczypawka, Aleksandra"]
[Result "1-0"]
[WhiteTitle "k++"]
[BlackTitle "I++"]
[WhiteElo "2031"]
[BlackElo "1741"]

1. e4 c5 2. Nf3 d6 3. d4 cxd4 4. Nxd4 Nf6 5. Nc3 a6 6. Be3 e5 7. Nf3 b5 8. a4 b4
9. Nd5 Nbd7 10. Bc4 Nxe4 11. Nxb4 Bb7 12. Bd5 Qa5 13. c3 Bxd5 14. Nxd5 Nef6 15.
Nxf6+ Nxf6 16. O-O Be7 17. Bg5 Qc7 18. Nh4 Qd7 19. Bxf6 Bxf6 20. Qf3 O-O 21. Nf5
d5 22. Rad1 Rfd8 23. Ne3 e4 24. Qh5 d4 25. cxd4 Qxa4 26. Nd5 Bxd4 27. b3 Qxb3
28. Rxd4 Qb7 29. Re1 Rac8 30. Rdxe4 Rb8 31. Re7 Qxe7 32. Nxe7+ Kh8 33. Nc6 Re8
34. Rxe8+ Rxe8 35. g3 1-0

[Event "Druzynowe Mistrzostwa Polski - II liga"]
[Site "Dom Wczasowy VIS Jastrzebia Gora"]
[Date "1899-12-30"]
[Round "4.42"]
[White "Golenia, Wojciech"]
[Black "Bebel, Arkadiusz"]
[Result "1-0"]
[WhiteTitle "k+"]
[BlackTitle "FM"]
[WhiteElo "2175"]
[BlackElo "2253"]

1. e4 c5 2. Nf3 d6 3. d4 cxd4 4. Nxd4 Nf6 5. Nc3 a6 6. Bg5 e6 7. f4 Be7 8. Qf3
Qc7 9. O-O-O Nbd7 10. g4 h6 11. Bxf6 Bxf6 12. h4 Nb6 13. g5 Bxd4 14. Rxd4 Qc5
15. Rd2 Bd7 16. Bd3 O-O-O 17. Rhd1 hxg5 18. hxg5 Bc6 19. Qg4 g6 20. f5 Nd7 21.
Be2 Qe3 22. fxe6 Ne5 23. Qg2 fxe6 24. Kb1 Kc7 25. Bg4 Nc4 26. Rd4 Ne5 27. Bxe6
Rh5 28. Qf1 Qf3 29. Qg1 Qf4 30. Rb4 Kb8 31. Qb6 Rc8 32. Bxc8 Kxc8 33. Rxd6 Rh1+
34. Nd1 Qf8 35. Rbd4 Rh8 36. a3 Qe7 37. Nc3 Qc7 38. Qa7 Rh1+ 39. Ka2 Qf7+ 40.
Nd5 Bxd5+ 41. R4xd5 Nc6 42. Rxc6+ 1-0

[Event "Druzynowe Mistrzostwa Polski - II liga"]
[Site "Dom Wczasowy VIS Jastrzebia Gora"]
[Date "1899-12-30"]
[Round "4.43"]
[White "Solnicki, Michal"]
[Black "Golenia, Jan"]
[Result "0-1"]
[WhiteTitle "k"]
[BlackTitle "k"]
[WhiteElo "2144"]
[BlackElo "2113"]

1. Nf3 Nf6 2. c4 e6 3. Nc3 d5 4. d4 Bb4 5. cxd5 exd5 6. Bg5 h6 7. Bh4 O-O 8. e3
Bf5 9. Qb3 Nc6 10. Be2 g5 11. Bg3 Ne4 12. Ne5 Bxc3+ 13. bxc3 Na5 14. Qa3 c6 15.
O-O f6 16. Nd3 Nc4 17. Qc1 h5 18. Nc5 h4 19. Nxe4 Bxe4 20. f3 hxg3 21. fxe4 gxh2+
22. Kh1 Nd6 23. Bd3 dxe4 24. Bc2 Kg7 25. Rb1 b5 26. a4 a6 27. Qe1 Qd7 28. Qg3
Rh8 29. Rf4 Rae8 30. Rbf1 Rh6 31. Bb3 Rg6 32. R4f2 f5 33. axb5 f4 34. bxc6 Qc8
35. exf4 Nf5 36. Qg4 gxf4 37. Rxf4 Ng3+ 38. Qxg3 Rxg3 39. Rf7+ Kh6 40. d5 Rg7
41. R7f6+ Rg6 42. R6f4 Qd8 43. Bc4 Qg5 44. g4 e3 45. c7 Qe5 46. d6 Qxd6 47. g5+
Kxg5 48. Rf5+ Kh6 49. R1f4 Qxc7 50. Be2 Qb7+ 51. Rf3 Qb1+ 52. Rf1 Qe4+ 53. R1f3
Qg4 54. Rh3+ Qxh3 55. Rh5+ Qxh5 56. Bxh5 Kxh5 0-1

[Event "Druzynowe Mistrzostwa Polski - II liga"]
[Site "Dom Wczasowy VIS Jastrzebia Gora"]
[Date "1899-12-30"]
[Round "4.44"]
[White "Krawczyk, Wojciech"]
[Black "Zysko, Jan"]
[Result "0-1"]
[WhiteTitle "I++"]
[BlackTitle "k"]
[WhiteElo "1973"]
[BlackElo "2071"]

1. d4 d5 2. c4 c6 3. Nc3 Nf6 4. e3 e6 5. Nf3 Nbd7 6. Qc2 Bd6 7. Bd2 O-O 8. Bd3
dxc4 9. Bxc4 b5 10. Bd3 Bb7 11. O-O a6 12. a4 b4 13. Na2 c5 14. Qd1 Rc8 15. b3
a5 16. Qe2 Qb6 17. Rfd1 Rfd8 18. Rac1 Bb8 19. Rc2 cxd4 20. Rxc8 Rxc8 21. Nxd4
Qd6 22. f4 Nc5 23. Nc1 Nd5 24. Nb5 Qb6 25. Kh1 g6 26. Rf1 Nf6 27. Bb1 Nfe4 28.
Rd1 Rd8 29. Be1 Rxd1 30. Qxd1 Bd5 31. Qd4 Bc7 32. Bc2 Bd8 33. Qd1 Bf6 34. Ne2
h5 35. Ned4 Bb7 36. Kg1 Qd8 37. Qe2 Qd5 38. h3 e5 39. fxe5 Qxe5 40. Nf3 Qb2 41.
Qd1 Kg7 42. Nfd4 Bg5 43. Bf2 Nxf2 44. Kxf2 Ne4+ 45. Ke2 Nc3+ 46. Nxc3 Qxc3 47.
Qg1 Bf6 48. Bd1 Bxd4 49. exd4 Ba6+ 0-1

[Event "Druzynowe Mistrzostwa Polski - II liga"]
[Site "Dom Wczasowy VIS Jastrzebia Gora"]
[Date "1899-12-30"]
[Round "4.45"]
[White "Gluszko, Monika"]
[Black "Cichon, Jakub"]
[Result "0-1"]
[WhiteTitle "k"]
[BlackTitle "I+"]
[WhiteElo "1906"]
[BlackElo "1940"]

1. e4 e5 2. Nf3 Nc6 3. Bc4 Bc5 4. c3 Nf6 5. d3 d6 6. Nbd2 O-O 7. Nf1 a6 8. Bb3
Ba7 9. Ng3 h6 10. O-O Be6 11. Bc2 Re8 12. h3 d5 13. Qe2 Qd7 14. Kh2 Rad8 15. Nh4
dxe4 16. dxe4 b5 17. Qf3 Nh7 18. Nhf5 Ne7 19. Nxg7 Kxg7 20. Nh5+ Kh8 21. Nf6 Qc6
22. Nxe8 Rxe8 23. Qg3 Ng6 24. Bxh6 Rg8 25. Rad1 Bc5 26. Qf3 Bc4 27. Bb3 Nh4 28.
Qh5 Qxe4 29. f3 Qe2 30. Bg7+ Rxg7 31. Rd8+ Rg8 32. Rxg8+ Kxg8 33. Qg4+ Ng6 34.
Rd1 Bxb3 35. Rd8+ Kg7 36. axb3 Be3 37. h4 Bf4+ 38. Kh3 Qe1 0-1

[Event "Druzynowe Mistrzostwa Polski - II liga"]
[Site "Dom Wczasowy VIS Jastrzebia Gora"]
[Date "1899-12-30"]
[Round "4.46"]
[White "Cichon, Bartlomiej"]
[Black "Pettersson, Alexander"]
[Result "0-1"]
[WhiteTitle "I"]
[BlackTitle "II+"]
[WhiteElo "1984"]
[BlackElo "1849"]

1. e4 c6 2. Nc3 d5 3. Nf3 a6 4. d4 Bg4 5. exd5 cxd5 6. h3 Bh5 7. g4 Bg6 8. Ne5
Nc6 9. Bf4 e6 10. h4 Nxe5 11. Bxe5 h5 12. g5 Ne7 13. Bd3 Qb6 14. Qd2 Rc8 15. O-O-O
Nf5 16. Ne2 Bd6 17. Nf4 Bxe5 18. dxe5 Qc7 19. Rde1 Ne7 20. Bxg6 Nxg6 21. Nxg6
fxg6 22. Qd3 Qf7 23. Kb1 O-O 24. Rhf1 Qf5 25. Qb3 b5 26. a4 Kh7 27. axb5 axb5
28. f4 Rc4 29. Rf2 b4 30. Ref1 Qg4 31. Qf3 Qf5 32. Qd3 Re4 33. b3 Rc8 34. Qd2
Rc3 35. Kb2 Rh3 36. Rh2 Qg4 37. Qf2 Rxh2 38. Qxh2 Re2 39. Rf2 Re1 40. Rd2 Re4
41. Rg2 Qf3 42. Qg3 Qd1 43. Rg1 Qd4+ 44. Kb1 Rxf4 45. Rh1 Re4 46. Ka2 Rxe5 47.
Rd1 Qxd1 48. Qxe5 Qxc2+ 49. Ka1 Qd1+ 50. Ka2 Qc2+ 51. Ka1 Qf5 52. Qd6 Qg4 53.
Qh2 Qd4+ 54. Ka2 e5 55. Qe2 e4 56. Qb5 e3 0-1

[Event "Druzynowe Mistrzostwa Polski - II liga"]
[Site "Dom Wczasowy VIS Jastrzebia Gora"]
[Date "1899-12-30"]
[Round "4.47"]
[White "Kaniak, Monika"]
[Black "Czarnecka, Lidia"]
[Result "0-1"]
[WhiteTitle "k"]
[BlackTitle "k"]
[WhiteElo "1824"]
[BlackElo "1957"]

1. Nf3 d5 2. d4 Nf6 3. c4 c6 4. Nc3 e6 5. Bg5 Nbd7 6. e3 Qa5 7. Bxf6 Nxf6 8. Bd3
Bb4 9. Qc2 O-O 10. O-O Bxc3 11. bxc3 dxc4 12. Bxc4 c5 13. Ne5 a6 14. Bd3 h6 15.
Qb2 Nd5 16. Rac1 Qc7 17. Bb1 Rd8 18. Qc2 Nf6 19. f3 Qe7 20. Ng4 Bd7 21. Nxf6+
Qxf6 22. Qh7+ Kf8 23. Rcd1 Bb5 24. Rfe1 Bc6 25. c4 Qg5 26. Be4 Bxe4 27. fxe4 Rac8
28. Rb1 Rc7 29. d5 Ke7 30. Rb2 Qe5 31. Reb1 Rdd7 32. Rb6 Qg5 33. Kf2 Qf6+ 34.
Kg1 Qg5 35. R1b3 Qh4 36. g3 Qg5 37. Kg2 Qg4 38. Kf2 Qg5 39. h3 Qe5 40. a4 Qg5
41. Qg8 exd5 42. cxd5 c4 43. Rb1 Rd8 44. Qh7 Rdd7 45. g4 Qe5 46. Kg2 Qc3 47. Kf3
Qe5 48. Qf5 Qh2 49. Qh5 c3 50. Qh4+ Ke8 51. d6 Rxd6 52. Rxb7 Rf6+ 53. Qxf6 gxf6
0-1